Govt. of
Madhya Pradesh

Where Three Empires Meet (Record no. 42877)

MARC details
000 -LEADER
fixed length control field 003370000a22001450004500
003 - CONTROL NUMBER IDENTIFIER
control field MACL
040 ## - CATALOGING SOURCE
Original cataloging agency MACL
090 ## - LOCALLY ASSIGNED LC-TYPE CALL NUMBER (OCLC); LOCAL CALL NUMBER (RLIN)
-- 43332
-- 43330
100 ## - MAIN ENTRY--PERSONAL NAME
Personal name Knight, E F
245 ## - TITLE STATEMENT
Title Where Three Empires Meet
Remainder of title Travel in Kashmir Tibet and Gilgit
260 ## - PUBLICATION, DISTRIBUTION, ETC. (IMPRINT)
Name of publisher, distributor, etc. Gulshan Books
Date of publication, distribution, etc. 2007
350 ## - PRICE (NR) (BK AM CF MU VM SE) [OBSOLETE]
Price 1050
650 ## - SUBJECT ADDED ENTRY--TOPICAL TERM
Topical term or geographic name as entry element Travel
942 ## - ADDED ENTRY ELEMENTS (KOHA)
Koha item type Library Membar
Call number prefix 910/KNI
Holdings
Withdrawn status Lost status Damaged status Not for loan Home library Current library Date acquired Total Checkouts Full call number Barcode Date last seen Uniform Resource Identifier Price effective from Koha item type
        MACL MACL 15/04/2015   910/KNI BOOK CRE23770 29/04/2015 43155 15/04/2015 Books